000 00512pab a2200181 454500
008 180718b1996 xxu||||| |||| 00| 0 eng d
100 _aPatel, Ila
245 _aGender ideology in adult literacy primers in Gujarat
260 _c1996
300 _ap.87-96
362 _aDec
650 _aWomen - Education - India - Gujarat
650 _aAdult education - India - Gujarat
650 _aEducation - India - Gujarat
650 _aEducation
773 _aTrends in Social Science Research
909 _a33397
999 _c33397
_d33397